El viaje de Chihiro (Record no. 4067)
[ view plain ]
| 000 -LEADER | |
|---|---|
| campo de control de longitud fija | 01907nim a2200361 i 4500 |
| 003 - IDENTIFICADOR DE NÚMERO DE CONTROL | |
| campo de control | CO-BoRNBP |
| 005 - FECHA Y HORA DE LA ÚLTIMA TRANSACCIÓN | |
| campo de control | 20230705221734.0 |
| 007 - CAMPO FIJO DE DESCRIPCIÓN FÍSICA--INFORMACIÓN GENERAL | |
| campo de control de longitud fija | vd cvadzs |
| 008 - DATOS DE LONGITUD FIJA--INFORMACIÓN GENERAL | |
| campo de control de longitud fija | 21 s2009 ck 125 b |||| |0| mcmul d |
| 020 ## - NÚMERO INTERNACIONAL ESTÁNDAR DEL LIBRO | |
| Número Internacional Estándar del Libro | 7506036065622 |
| 040 ## - FUENTE DE CATALOGACIÓN | |
| Centro catalogador/agencia de origen | CO-BoRNBP |
| Lengua de catalogación | spa |
| Normas de descripción | rda |
| Centro/agencia transcriptor | CO-BoRNBP |
| 041 1# - CÓDIGO DE IDIOMA | |
| Código de lengua del texto/banda sonora o título independiente | jpn |
| Código de lengua original | spa |
| 082 04 - NÚMERO DE LA CLASIFICACIÓN DECIMAL DEWEY | |
| Número de clasificación | 791.43 |
| Número de ítem | M39v |
| Número de edición | 22 |
| 100 1# - ENTRADA PRINCIPAL--NOMBRE DE PERSONA | |
| Nombre de persona | Miyazaki, Hayao |
| Fechas asociadas al nombre | 1941- |
| Término indicativo de función/relación | autor |
| 9 (RLIN) | 204419 |
| 245 13 - MENCIÓN DEL TÍTULO | |
| Título | El viaje de Chihiro |
| Mención de responsabilidad, etc. | guión y dirección de Hayao Miyazaki ; música de Joe Hisaishi ; producido por Toshio Suzuki |
| 246 33 - FORMA VARIANTE DEL TITULO | |
| Título propio/Titulo breve | Sen to Chihiro no kamikakushi |
| 264 #1 - PRODUCCIÓN, PUBLICACIÓN, DISTRIBUCIÓN, FABRICACIÓN Y COPYRIGHT | |
| Producción, publicación, distribución, fabricación y copyright | México, Mexico |
| Nombre del de productor, editor, distribuidor, fabricante | Zima Enterteinment |
| -- | Studio Ghibli |
| Fecha de producción, publicación, distribución, fabricación o copyright | 2010 |
| 300 ## - DESCRIPCIÓN FÍSICA | |
| Extensión | 1 DVD (125 minutos) |
| Otras características físicas | estéreo, color |
| Dimensiones | 19 cm |
| 336 ## - TIPO DE CONTENIDO | |
| Fuente | rdacontent |
| Término de tipo de contenido | imagen bidimensional en movimiento |
| Código de tipo de contenido | tdi |
| 337 ## - TIPO DE MEDIO | |
| Fuente | rdamedia |
| Nombre/término del tipo de medio | video |
| Código del tipo de medio | v |
| 338 ## - TIPO DE SOPORTE | |
| Fuente | rdacarrier |
| Nombre/término del tipo de soporte | videodisco |
| Código del tipo de soporte | vd |
| 520 03 - RESUMEN, ETC. | |
| Sumario, etc. | "Chihiro, una pequeña de 10 años, no está contenta. La noticia de que sus padres y ella tendrán que mudarse no le ha gustado nada. Sin embargo, gracias al extravío que sufren de camino a su nueva casa, un viaje verdaderamente extraordinario comienza. Criaturas mágicas, seres que mutan y ambientes que se transforman pueblan todo alrededor. Entre este vértigo, Chihiro, poco a poco empieza a entender. Quizá ahora vuelva a ser feliz" Tomado del estuche<br/><br/> |
| 521 ## - NOTA DE PÚBLICO DESTINATARIO | |
| Nota de público destinatario | Recomendado para público infantil mayor de 6 años |
| 546 ## - NOTA DE IDIOMA | |
| Nota de lengua/lenguaje | Película en japonés con subtítulos en español |
| 586 ## - NOTA DE PREMIOS | |
| Nota de premios | Película ganadora del Premio Oscar a la mejor película de animación, 2003. |
| 650 17 - PUNTO DE ACCESO ADICIONAL DE MATERIA--TÉRMINO DE MATERIA | |
| Término de materia o nombre geográfico como elemento de entrada | Películas cinematográficas japonesas |
| Subdivisión de forma | DVD |
| Fuente del encabezamiento o término | LEMB |
| 9 (RLIN) | 204413 |
| 650 17 - PUNTO DE ACCESO ADICIONAL DE MATERIA--TÉRMINO DE MATERIA | |
| Término de materia o nombre geográfico como elemento de entrada | Películas animadas japonesas |
| Subdivisión de forma | DVD |
| Fuente del encabezamiento o término | LEMB |
| 9 (RLIN) | 204414 |
| 650 17 - PUNTO DE ACCESO ADICIONAL DE MATERIA--TÉRMINO DE MATERIA | |
| Término de materia o nombre geográfico como elemento de entrada | Fantasia |
| Subdivisión de forma | DVD |
| Fuente del encabezamiento o término | LEMB |
| 9 (RLIN) | 204415 |
| 650 17 - PUNTO DE ACCESO ADICIONAL DE MATERIA--TÉRMINO DE MATERIA | |
| Término de materia o nombre geográfico como elemento de entrada | Dibujos animados |
| Subdivisión de forma | DVD |
| Fuente del encabezamiento o término | LEMB |
| 9 (RLIN) | 84072 |
| 700 1# - ENTRADA AGREGADA--NOMBRE PERSONAL | |
| Nombre de persona | Suzuki, Toshio |
| Fechas asociadas al nombre | 1948- |
| Término indicativo de función/relación | productor |
| 9 (RLIN) | 204420 |
| 700 1# - ENTRADA AGREGADA--NOMBRE PERSONAL | |
| Nombre de persona | Hisaishi, Joe |
| Fechas asociadas al nombre | 1950- |
| Término indicativo de función/relación | compositor |
| 9 (RLIN) | 204421 |
| 942 ## - ELEMENTOS DE ENTRADA SECUNDARIOS (KOHA) | |
| Fuente del sistema de clasificación o colocación | Clasificación Decimal Dewey |
| Tipo de ítem Koha | DVD |
No items available.